000 00315nam a22001337a 4500
008 171219b xxu||||| |||| 00| 0 eng d
020 _a0153118849
041 _aeng
080 _25TH
_a37
100 _a46
101 _aEDU
245 _aWARRINER'S ENGLISH GRAMMAR AND COMPOSITION
_cWARRINER,J.E
942 _2udc
_cBK
999 _c39160
_d39160